[Event "CZE-ch Betsys Online Blitz"]
[Site "Chess.com INT"]
[Date "2021.04.17"]
[Round "3"]
[White "Prochazka, Matej"]
[Black "Vyvial, Vaclav"]
[Result "0-1"]
[WhiteElo "1126"]
[BlackElo "1485"]
[PlyCount "70"]
[EventDate "2021.04.17"]
[EventType "swiss (blitz)"]
[EventRounds "13"]
[EventCountry "CZE"]
[SourceTitle "CBM 201 Extra"]
[Source "ChessBase"]
[SourceDate "2021.05.31"]
[SourceVersion "1"]
[SourceVersionDate "2021.05.31"]
[SourceQuality "1"]

1. e4 c6 2. Nc3 d5 3. f4 dxe4 4. Nxe4 Nf6 5. Nxf6+ exf6 6. Bc4 Be7 7. d3 Bf5 8. Nf3 0-0 9. 0-0 Nd7 10. Kh1 Nb6 11. Be3 Bg4 12. h3 Bh5 13. Qe1 Bxf3 14. Rxf3 Nxc4 15. dxc4 Re8 16. Qg3 f5 17. Bd4 Qxd4 18. Rd3 Qxb2 19. Rad1 Rad8 20. Qe3 Rxd3 21. Rxd3 Qf6 22. Kh2 Kf8 23. Qxa7 Bd6 24. Qd4 Qxd4 25. Rxd4 Rd8 26. c3 c5 27. Rd5 Bxf4+ 28. Kg1 Rxd5 29. cxd5 c4 30. Kf2 Ke7 31. Kf3 g5 32. g3 Bc7 33. g4 fxg4+ 34. hxg4 Kd6 35. Ke3 Kxd5 0-1